书目信息 |
| 题名: |
工程图学
|
|
| 作者: | 鲁屏宇 主编 | |
| 分册: | ||
| 出版信息: | 北京 机械工业出版社 2005.08 |
|
| 页数: | 421页 | |
| 开本: | 26cm | |
| 丛书名: | ||
| 单 册: | ||
| 中图分类: | TB23 | |
| 科图分类: | ||
| 主题词: | 工程制图--gong cheng zhi tu--高等学校--教材 | |
| 电子资源: | ||
| ISBN: | 7-111-17144-6 | |
| 000 | 00887nam0 2200241 450 | |
| 001 | 012006082532 | |
| 005 | 20060912160353.14 | |
| 010 | @a7-111-17144-6@dCNY37.00 | |
| 100 | @a20060621d2005 km y0chiy0120 ea | |
| 101 | 0 | @achi |
| 102 | @aCN@b110000 | |
| 105 | @aa a 000yy | |
| 200 | 1 | @a工程图学@Agong cheng tu xue@f鲁屏宇主编@Flu ping yu zhu bian |
| 210 | @a北京@c机械工业出版社@d2005.08 | |
| 215 | @a421页@c图@d26cm | |
| 300 | @a普通高等教育机电类规划教材 | |
| 320 | @a有书目。 | |
| 330 | @a本书共分画法几何、制图基础、机械图和计算机绘图4部分,其主要特点:精练画法几何、加强组合体与视图表达、强化手工绘图和计算机绘图、采用最新国家标准、引入部分国外制图标准、充实零件图与装配图、介绍计算机绘图。 | |
| 606 | 0 | @a工程制图@Agong cheng zhi tu@x高等学校@j教材 |
| 690 | @aTB23@v4 | |
| 701 | 0 | @a鲁屏宇@Alu ping yu@4主编 |
| 801 | 0 | @aCN@bQSSK@c20060912 |
| 905 | @a10447@dTB23@eL818 | |
| 工程图学/鲁屏宇主编.-北京:机械工业出版社,2005.08 |
| 421页:图;26cm |
| 普通高等教育机电类规划教材 |
| ISBN 7-111-17144-6:CNY37.00 |
| 本书共分画法几何、制图基础、机械图和计算机绘图4部分,其主要特点:精练画法几何、加强组合体与视图表达、强化手工绘图和计算机绘图、采用最新国家标准、引入部分国外制图标准、充实零件图与装配图、介绍计算机绘图。 |
| ● |
| 相关链接 |
|
|
|
正题名:工程图学
索取号:TB23/L818
 
预约/预借
| 序号 | 登录号 | 条形码 | 馆藏地/架位号 | 状态 | 备注 |
| 1 | 590447 | 205904477 | 自科库501/501自科库 6排1列4层/ [索取号:TB23/L818] | 在馆 | |
| 2 | 590448 | 205904486 | 自科二线400A/400A自科库 31排1列3层/ [索取号:TB23/L818] | 在馆 | |
| 3 | 590449 | 205904495 | 自科库501/501自科库 6排1列4层/ [索取号:TB23/L818] | 在馆 |